[Event "FRA-ch Blitz Online Qual"]
[Site "Europe Echecs INT"]
[Date "2020.05.16"]
[Round "4"]
[White "Mirguet, Ulysse"]
[Black "Colette, Thierry"]
[Result "1-0"]
[WhiteElo "1105"]
[BlackElo "1411"]
[PlyCount "55"]
[EventDate "2020.05.16"]
[EventType "swiss (blitz)"]
[EventRounds "15"]
[EventCountry "FRA"]
[SourceTitle "CBM 196 Extra"]
[Source "ChessBase"]
[SourceDate "2020.07.31"]
[SourceVersion "1"]
[SourceVersionDate "2020.07.31"]
[SourceQuality "1"]

1. e4 e5 2. Nf3 Nc6 3. Bb5 d6 4. d4 Bd7 5. Nc3 exd4 6. Nxd4 Nf6 7. Nxc6 Bxc6 8. Bxc6+ bxc6 9. Bg5 Be7 10. 0-0 0-0 11. Qd4 Re8 12. Rfe1 Nd7 13. Bxe7 Rxe7 14. Re3 Ne5 15. b3 Qd7 16. f4 Ng6 17. g3 c5 18. Qd5 c6 19. Qd3 Rae8 20. Rd1 Qh3 21. Qxd6 Nxf4 22. Qxf4 Qh5 23. Qf3 Qg6 24. Rde1 Re5 25. Qf4 R8e6 26. Kg2 Rf6 27. Qxe5 Re6 28. Qb8+ 1-0

[Event "FRA-ch Blitz Online Qual"]
[Site "Europe Echecs INT"]
[Date "2020.05.16"]
[Round "8"]
[White "Mirguet, Ulysse"]
[Black "Vidoni, Salma"]
[Result "0-1"]
[WhiteElo "1105"]
[BlackElo "1309"]
[PlyCount "74"]
[EventDate "2020.05.16"]
[EventType "swiss (blitz)"]
[EventRounds "15"]
[EventCountry "FRA"]
[SourceTitle "CBM 196 Extra"]
[Source "ChessBase"]
[SourceDate "2020.07.31"]
[SourceVersion "1"]
[SourceVersionDate "2020.07.31"]
[SourceQuality "1"]

1. e4 c5 2. Nf3 Nc6 3. Bb5 g6 4. c3 Bg7 5. 0-0 Nf6 6. Re1 0-0 7. b3 d5 8. e5 Ng4 9. Bxc6 bxc6 10. Bb2 Qc7 11. d4 cxd4 12. cxd4 f6 13. h3 Nh6 14. e6 Qd6 15. g3 Bxe6 16. Ba3 Qd7 17. Qe2 Bxh3 18. Bxe7 Rfe8 19. Kh2 Bf8 20. Ng1 Bg4 21. f3 Rxe7 22. Qxe7 Bxe7 23. fxg4 Nxg4+ 24. Kh1 Nf2+ 25. Kg2 Nd3 26. Re3 Nb4 27. Na3 Re8 28. Rae1 Na6 29. Nc2 Qg4 30. a3 Nc7 31. Rxe7 Rxe7 32. Rxe7 Nb5 33. b4 Nc3 34. Ne3 Qg5 35. Kf3 Ne4 36. Re8+ Kf7 37. Ra8 Qxg3+ 0-1

[Event "FRA-ch Blitz Online Qual"]
[Site "Europe Echecs INT"]
[Date "2020.05.16"]
[Round "5"]
[White "Richard, Maxime"]
[Black "Mirguet, Ulysse"]
[Result "0-1"]
[WhiteElo "1436"]
[BlackElo "1105"]
[PlyCount "64"]
[EventDate "2020.05.16"]
[EventType "swiss (blitz)"]
[EventRounds "15"]
[EventCountry "FRA"]
[SourceTitle "CBM 196 Extra"]
[Source "ChessBase"]
[SourceDate "2020.07.31"]
[SourceVersion "1"]
[SourceVersionDate "2020.07.31"]
[SourceQuality "1"]

1. d4 Nf6 2. c4 c6 3. Nf3 d5 4. Nc3 Bg4 5. Ne5 e6 6. Nxg4 Nxg4 7. e4 Qf6 8. Qxg4 Qxd4 9. Be3 Qxe4 10. Nxe4 dxe4 11. Qxe4 Bb4+ 12. Bd2 Bxd2+ 13. Kxd2 Na6 14. a3 0-0-0+ 15. Kc2 Nc5 16. Qg4 g6 17. b4 Nd7 18. Bd3 Ne5 19. Qf3 Nxf3 20. gxf3 Rd4 21. Rad1 Rhd8 22. Rhe1 Kc7 23. b5 c5 24. a4 b6 25. Be2 Rh4 26. Rxd8 Kxd8 27. Rd1+ Kc7 28. Rh1 Kd6 29. Kd3 Ke5 30. Ke3 f5 31. h3 Rd4 32. a5 f4# 0-1